Financial derivatives in theory and practice / (Record no. 19991)

MARC details
000 -LEADER
fixed length control field 01262cam a22003134a 4500
001 - CONTROL NUMBER
control field 13562871
003 - CONTROL NUMBER IDENTIFIER
control field OSt
005 - DATE AND TIME OF LATEST TRANSACTION
control field 20230214094758.0
008 - FIXED-LENGTH DATA ELEMENTS--GENERAL INFORMATION
fixed length control field 040419s2004 enka b 001 0 eng
010 ## - LIBRARY OF CONGRESS CONTROL NUMBER
LC control number 2004049748
020 ## - INTERNATIONAL STANDARD BOOK NUMBER
International Standard Book Number 0470863595
040 ## - CATALOGING SOURCE
Original cataloging agency DLC
Transcribing agency DLC
Modifying agency DLC
042 ## - AUTHENTICATION CODE
Authentication code pcc
050 00 - LIBRARY OF CONGRESS CALL NUMBER
Classification number HG6024.A3
Item number H86 2004
100 1# - MAIN ENTRY--PERSONAL NAME
Personal name Hunt, P. J.
Fuller form of name (Philip James),
Dates associated with a name 1964-
245 10 - TITLE STATEMENT
Title Financial derivatives in theory and practice /
Statement of responsibility, etc. P.J. Hunt, J.E. Kennedy.
250 ## - EDITION STATEMENT
Edition statement Rev. ed.
260 ## - PUBLICATION, DISTRIBUTION, ETC. (IMPRINT)
Place of publication, distribution, etc. Southern Gate, Chichester, West Sussex, England
-- Hoboken, NJ :
Name of publisher, distributor, etc. John Wiley & Sons,
Date of publication, distribution, etc. 2004.
300 ## - PHYSICAL DESCRIPTION
Extent xx, 437 p. :
440 #0 - SERIES STATEMENT/ADDED ENTRY--TITLE
Title Wiley series in probability and statistics
504 ## - BIBLIOGRAPHY, ETC. NOTE
Bibliography, etc Includes bibliographical references (p. [423]-426) and index.
650 #0 - SUBJECT ADDED ENTRY--TOPICAL TERM
Topical term or geographic name as entry element Derivative securities.
700 1# - ADDED ENTRY--PERSONAL NAME
Personal name Kennedy, J. E.
856 42 - ELECTRONIC LOCATION AND ACCESS
Materials specified Publisher description
Uniform Resource Identifier <a href="http://www.loc.gov/catdir/description/wiley041/2004049748.html">http://www.loc.gov/catdir/description/wiley041/2004049748.html</a>
856 41 - ELECTRONIC LOCATION AND ACCESS
Materials specified Table of contents
Uniform Resource Identifier <a href="http://www.loc.gov/catdir/toc/wiley041/2004049748.html">http://www.loc.gov/catdir/toc/wiley041/2004049748.html</a>
906 ## - LOCAL DATA ELEMENT F, LDF (RLIN)
a 7
b cbc
c orignew
d 1
e ocip
f 20
g y-gencatlg
942 ## - ADDED ENTRY ELEMENTS (KOHA)
Source of classification or shelving scheme Library of Congress Classification
Koha item type General Collection
Holdings
Withdrawn status Lost status Source of classification or shelving scheme Not for loan Home library Current library Date acquired Cost, normal purchase price Inventory number Total Checkouts Full call number Barcode Date last seen Copy number Price effective from Koha item type
    Library of Congress Classification   Kabarak, Nakuru City Campus Kabarak, Nakuru City Campus 14/02/2023 28676.00 2357/2022   KNCC HG6024.A3 H86 2004 c.1 34919 14/02/2023 C.1 14/02/2023 General Collection
Designed with assistance from East African Informatics Ltd